01598nam a2200397 i 4500001000700000003000800007005001700015006001900032007001500051008004100066020002800107035002200135040003100157050002000188080001200208082001400220100004700234245012800281264006900409300004100478336002900519337003300548338004300581504002900624588008300653590016200736650002700898650003200925650003400957655002700991700003801018700004401056797001801100856006301118999001901181124648FINmELB20241217175737.0m o u cr cn|||||||||240422s2024 txu ob 000 0 spa d a9780311000579q(e-book) a(OCoLC)1431001682 aFINmELBbspaerdacFINmELB14aLA11bG367 2024 a37(091)04a370.92231 aMendoza Burgos, Mariuxi Alexandra,eautor.10aGerencia educativa :bteoría y práctica de la dirección científica /cMariuxi Alexandra Mendoza Burgos [y otros 5]. 1aAmarillo, Texas :bEditorial Tecnocientífica Americana,c2024. a1 recurso en línea (129 páginas) atextobtxt2rdamedia/spa acomputadorabc2rdamedia/spa arecurso en líneabcr2rdacarrier/spa aContiene bibliografía. aDescripción basada en metadatos suministrados por el editor y otras fuentes. aRecurso electrónico. Santa Fe, Arg.: elibro, 2024. Disponible vía World Wide Web. El acceso puede estar limitado para las bibliotecas afiliadas a elibro. 4aEducaciónxHistoria. 4aEnseñanzaxMetodología. 4aEducaciónxInvestigación. 4aLibros electrónicos.1 aPico Medina, Yeslin Aida,eautor.1 aArias Mendoza, Natalia Mariana,eautor.2 aelibro, Corp.40uhttps://elibro.net/ereader/politecnicointernacional/251438 c124648d124648